000 00309nam a2200109Ia 4500
005 20251222154420.0
008 251222s9999||||xx |||||||||||||| ||spa||
082 _a838.9/H36
100 _a"Heine Heinrich, Christian Johann"
245 0 _aNoches florentinas. Memorias del seƱor de Schnabelewopski
942 _cLIB
999 _c35997
_d35997